[Event "1st  Behin Bazafarin Alborz Internationa"]
[Site "Tehran"]
[Date "2014.03.08"]
[Round "4.12"]
[White "Darini, Pouria"]
[Black "Rajabi, Mohsen"]
[Result "1-0"]
[WhiteElo "2510"]
[BlackElo "1982"]
[PlyCount "63"]
[EventDate "2014.03.06"]

1. e4 c5 2. Nf3 d6 3. d4 cxd4 4. Nxd4 Nf6 5. Nc3 Nc6 6. Bc4 Qb6 7. Nb3 e6 8.
Be3 Qc7 9. Be2 a6 10. a4 Be7 11. a5 O-O 12. O-O Nb4 13. f4 d5 14. e5 Nd7 15.
Kh1 f6 16. exf6 Nxf6 17. Bb6 Qd6 18. Qd2 Nd7 19. Be3 Qc7 20. Bg4 Nc5 21. Bxc5
Bxc5 22. Na4 Bd6 23. Nb6 Rb8 24. Nd4 Re8 25. Nxc8 Qxc8 26. c3 Nc6 27. Nxe6 Rxe6
28. Qxd5 Kh8 29. Qxe6 Qf8 30. Rad1 Bc7 31. b4 Re8 32. Qf5 1-0

[Event "1st  Behin Bazafarin Alborz Internationa"]
[Site "Tehran"]
[Date "2014.03.08"]
[Round "4.13"]
[White "Momeni, E."]
[Black "Azaladze, Shota"]
[Result "0-1"]
[WhiteElo "2202"]
[BlackElo "2482"]
[PlyCount "84"]
[EventDate "2014.03.06"]

1. c4 g6 2. Nf3 Bg7 3. g3 e5 4. d3 Ne7 5. Bg2 c6 6. O-O d5 7. Nbd2 O-O 8. Rb1
a5 9. b3 Na6 10. Bb2 f6 11. a3 b5 12. Qc2 Be6 13. e4 dxc4 14. dxc4 Qb6 15. Ne1
Rad8 16. Nd3 Nc5 17. Nxc5 Qxc5 18. Bc3 b4 19. axb4 axb4 20. Bb2 Bh6 21. Nf3 Bg4
22. Rbd1 Nc8 23. Rxd8 Rxd8 24. Rd1 Rxd1+ 25. Qxd1 Qd6 26. Qxd6 Nxd6 27. h3 Be6
28. Ne1 Nb7 29. Nd3 Bf8 30. f4 Na5 31. fxe5 fxe5 32. Nxe5 c5 33. Ng4 Bg7 34. e5
Nxb3 35. Bd5 Bxd5 36. cxd5 c4 37. d6 Kf8 38. Ne3 c3 39. d7 Ke7 40. Bxc3 bxc3
41. Nd5+ Kxd7 42. Nxc3 Bxe5 0-1

[Event "1st  Behin Bazafarin Alborz Internationa"]
[Site "Tehran"]
[Date "2014.03.08"]
[Round "4.14"]
[White "Benidze, Davit"]
[Black "Ghaziolsharif, Kaveh"]
[Result "1/2-1/2"]
[WhiteElo "2479"]
[BlackElo "2167"]
[PlyCount "83"]
[EventDate "2014.03.06"]

1. Nf3 Nf6 2. g3 g6 3. Bg2 Bg7 4. O-O O-O 5. c4 d6 6. Nc3 Nc6 7. Rb1 Bf5 8. d3
Qc8 9. Bg5 h6 10. Bxf6 Bxf6 11. Nd5 Bg7 12. b4 Re8 13. Qd2 Nd8 14. b5 c6 15.
Ne3 Bd7 16. d4 Ne6 17. Nc2 Nc7 18. a4 e5 19. dxe5 dxe5 20. Rfd1 Rd8 21. Qe3 Bf5
22. Rxd8+ Qxd8 23. Nfe1 Qd6 24. Nd3 Ne6 25. c5 Qc7 26. Be4 Bxe4 27. Qxe4 Rd8
28. bxc6 bxc6 29. Qb4 Bf8 30. a5 e4 31. Qxe4 Qxa5 32. Qc4 Qc7 33. Ra1 a5 34.
Ra2 Be7 35. Qc3 Ra8 36. h4 Qd8 37. Ra4 Bf6 38. Qa3 h5 39. Qa2 Be7 40. Rc4 Rb8
41. Ne3 Rb5 42. Qc2 1/2-1/2

[Event "1st  Behin Bazafarin Alborz Internationa"]
[Site "Tehran"]
[Date "2014.03.08"]
[Round "4.15"]
[White "Toufighi, Homayoon"]
[Black "Razaghi, Behrooz"]
[Result "1/2-1/2"]
[WhiteElo "2456"]
[BlackElo "2154"]
[PlyCount "86"]
[EventDate "2014.03.06"]

1. d4 d5 2. Nf3 Nf6 3. e3 Bf5 4. c4 c6 5. Nc3 e6 6. Qb3 Qc7 7. Nh4 Bg6 8. Be2
Nbd7 9. O-O Be7 10. cxd5 exd5 11. f4 Ne4 12. Nxg6 Nxc3 13. bxc3 hxg6 14. c4 Nf6
15. Rb1 b6 16. cxd5 cxd5 17. Qa4+ Kf8 18. Bd2 Bd6 19. Rfc1 Qd8 20. Rc6 Ne4 21.
Be1 Kg8 22. Qb3 Qe7 23. Qxd5 Rd8 24. Qb3 g5 25. Bf3 gxf4 26. Qc2 Ng5 27. e4 Qd7
28. Rc4 Nxf3+ 29. gxf3 Rh6 30. Qe2 Qh3 31. Kh1 Rg6 32. Bd2 Be5 33. Bc3 b5 34.
Rcb4 a5 35. Rxb5 Rc8 36. Qf1 Qxf1+ 37. Rxf1 Rxc3 38. Rxe5 Rc2 39. Rxa5 Rh6 40.
Rg5 Rhxh2+ 41. Kg1 Rxa2 42. Ra1 Rad2 43. d5 Rhe2 1/2-1/2

[Event "1st  Behin Bazafarin Alborz Internationa"]
[Site "Tehran"]
[Date "2014.03.09"]
[Round "5.1"]
[White "Golizadeh, Asghar"]
[Black "Ahmadinia, Ebrahim"]
[Result "1/2-1/2"]
[WhiteElo "2508"]
[BlackElo "2373"]
[PlyCount "85"]
[EventDate "2014.03.06"]

1. e4 e6 2. d4 d5 3. Nc3 Nf6 4. e5 Nfd7 5. f4 c5 6. Nf3 Nc6 7. Be3 cxd4 8. Nxd4
Bc5 9. Qd2 Bxd4 10. Bxd4 Nxd4 11. Qxd4 Qb6 12. Nb5 Qxd4 13. Nxd4 Nc5 14. Bd3
Bd7 15. Kd2 Ke7 16. Rhf1 g6 17. Rae1 h5 18. Re3 a6 19. Rh3 Rhc8 20. Rg1 b5 21.
g4 hxg4 22. Rxg4 Rh8 23. Rgh4 Rxh4 24. Rxh4 b4 25. Rh7 Nxd3 26. Kxd3 Rc8 27. b3
Rc5 28. Rh8 Be8 29. Kd2 Ra5 30. Kc1 Rxa2 31. Kb1 Ra5 32. h4 Rc5 33. h5 gxh5 34.
f5 Rc3 35. Rxh5 exf5 36. Nxf5+ Ke6 37. Ng7+ Ke7 38. Nf5+ Ke6 39. Nd4+ Ke7 40.
Rh6 Bd7 41. Rxa6 Re3 42. Ra7 Kd8 43. Rb7 1/2-1/2

[Event "1st  Behin Bazafarin Alborz Internationa"]
[Site "Tehran"]
[Date "2014.03.09"]
[Round "5.2"]
[White "Asgari, Morteza"]
[Black "Bajarani, Ulvi"]
[Result "1-0"]
[WhiteElo "2279"]
[BlackElo "2492"]
[PlyCount "85"]
[EventDate "2014.03.06"]

1. e4 e6 2. d4 d5 3. Nc3 Nf6 4. e5 Nfd7 5. f4 c5 6. Nf3 Nc6 7. Be3 cxd4 8. Nxd4
Qb6 9. Qd2 Qxb2 10. Rb1 Qa3 11. Bb5 Nxd4 12. Bxd4 a6 13. Bxd7+ Bxd7 14. Rb3 Qe7
15. Rxb7 Rc8 16. O-O Qa3 17. Kh1 Bc5 18. Bxc5 Rxc5 19. Ne4 O-O 20. Nxc5 Qxc5
21. Qb4 Qc8 22. Qb6 Bb5 23. Rc7 Qd8 24. Re1 h6 25. Qc5 Qh4 26. Qe3 d4 27. Qe4
Qd8 28. Rc5 Qa5 29. Rd1 Rd8 30. Rxd4 Rxd4 31. Qxd4 Qe1+ 32. Qg1 Qd2 33. c4 Ba4
34. Qf1 Bc2 35. h3 Be4 36. a4 Qa2 37. a5 Qa3 38. Rc8+ Kh7 39. Kh2 Qxa5 40. Qe2
Bb7 41. Qd3+ g6 42. Rf8 Kg7 43. Qd8 1-0

[Event "1st  Behin Bazafarin Alborz Internationa"]
[Site "Tehran"]
[Date "2014.03.09"]
[Round "5.3"]
[White "Noroozi, Omid"]
[Black "Ghorbani, Mohsen"]
[Result "1-0"]
[WhiteElo "2382"]
[BlackElo "2300"]
[PlyCount "147"]
[EventDate "2014.03.06"]

1. c4 c6 2. Nf3 Nf6 3. Nc3 d6 4. d4 Bg4 5. e4 Nbd7 6. Be2 e5 7. O-O Bxf3 8.
Bxf3 Be7 9. Be3 O-O 10. Qd2 Re8 11. d5 Nb6 12. Be2 Rc8 13. b3 Nbd7 14. h3 Qc7
15. Rfc1 Qb8 16. b4 a6 17. Bd3 Bd8 18. Rab1 c5 19. Na4 b6 20. a3 Qa8 21. Nc3
Nf8 22. Qd1 Re7 23. Rb2 h6 24. g3 N8d7 25. Bf1 a5 26. Ra1 Qa6 27. Qb1 Ra8 28.
Raa2 Qc8 29. Nb5 Bc7 30. Bd2 Bb8 31. bxa5 bxa5 32. h4 Nf8 33. Nc3 Bc7 34. Rb7
Re8 35. Rab2 Ng6 36. f3 a4 37. Kh2 Qd8 38. Nb5 Bb8 39. Bh3 Re7 40. Nc3 Bc7 41.
Nd1 Re8 42. R2b5 Nh5 43. Be1 Nf8 44. Qc2 Ng6 45. Nb2 Ne7 46. Nxa4 f5 47. exf5
Nf6 48. g4 Nh7 49. Rb1 Kh8 50. Nc3 Ba5 51. a4 Ng8 52. Ne4 Bxe1 53. Rxe1 Qxh4
54. Qf2 Qxf2+ 55. Nxf2 Ng5 56. Bg2 Nf6 57. Ra1 Ra6 58. Nd3 e4 59. fxe4 Nxg4+
60. Kg3 Nf6 61. e5 dxe5 62. Nxc5 Raa8 63. d6 Red8 64. d7 Ra5 65. Rb5 Ra7 66.
Ne6 Raxd7 67. Nxd8 Rxd8 68. Bd5 e4 69. a5 e3 70. a6 e2 71. a7 Nxd5 72. cxd5 Kh7
73. Rb8 Rxd5 74. Rh8+ 1-0

[Event "1st  Behin Bazafarin Alborz Internationa"]
[Site "Tehran"]
[Date "2014.03.09"]
[Round "5.4"]
[White "Rasulov, Vugar"]
[Black "Khademi, Mohammad Miran"]
[Result "1-0"]
[WhiteElo "2521"]
[BlackElo "2281"]
[PlyCount "71"]
[EventDate "2014.03.06"]

1. e4 Nc6 2. Nf3 d5 3. exd5 Qxd5 4. Nc3 Qa5 5. d4 Nf6 6. Bb5 Bd7 7. O-O O-O-O
8. Qe2 e6 9. Bd2 a6 10. Bc4 Qh5 11. Bf4 Qg4 12. Be3 Bd6 13. Rfd1 Rhe8 14. Bxa6
bxa6 15. Qxa6+ Kb8 16. Qb5+ Kc8 17. Qa6+ Kb8 18. d5 exd5 19. Rd4 Nxd4 20. Bxd4
Bc6 21. Qxc6 Qd7 22. Qa6 c6 23. b4 Qb7 24. Qd3 Ne4 25. Rb1 g5 26. Nd2 f5 27.
Nb3 Nxc3 28. Bxc3 Qb5 29. Qxf5 Qc4 30. Bd4 Re2 31. Qxh7 Rde8 32. Be3 d4 33. Na5
Qb5 34. Qd7 Bxh2+ 35. Kxh2 R8xe3 36. Nxc6+ 1-0

[Event "1st  Behin Bazafarin Alborz Internationa"]
[Site "Tehran"]
[Date "2014.03.09"]
[Round "5.5"]
[White "Asgarizadeh, Ahmad"]
[Black "Darini, Pouria"]
[Result "1-0"]
[WhiteElo "2309"]
[BlackElo "2510"]
[PlyCount "81"]
[EventDate "2014.03.06"]

1. e4 e6 2. d4 d5 3. Nc3 Bb4 4. e5 c5 5. a3 Bxc3+ 6. bxc3 Qa5 7. Bd2 Ne7 8. h4
Nbc6 9. h5 Bd7 10. Rb1 Qc7 11. Nf3 O-O-O 12. h6 gxh6 13. Bxh6 cxd4 14. cxd4 f6
15. Bg7 fxe5 16. Bxh8 Rxh8 17. dxe5 Nxe5 18. Be2 Nf5 19. Qd2 Kb8 20. Rb3 Nc6
21. Bd3 Ncd4 22. Nxd4 Nxd4 23. Rb4 Nc6 24. Rbh4 Qe5+ 25. Qe3 Qc3+ 26. Kf1 Rd8
27. Rxh7 Qxa3 28. Bb5 Qa1+ 29. Qe1 Qb2 30. Bxc6 Bxc6 31. Kg1 a5 32. c3 Ka7 33.
Rh8 Rd7 34. R1h4 a4 35. Qe3+ b6 36. Rb4 d4 37. Qf4 Qa1+ 38. Kh2 Ka6 39. Qb8 Bb7
40. Qe5 Bd5 41. Ra8+ 1-0

[Event "1st  Behin Bazafarin Alborz Internationa"]
[Site "Tehran"]
[Date "2014.03.09"]
[Round "5.6"]
[White "Azaladze, Shota"]
[Black "Hosseinipour, Mehdi"]
[Result "1-0"]
[WhiteElo "2482"]
[BlackElo "2277"]
[PlyCount "129"]
[EventDate "2014.03.06"]

1. g3 Nf6 2. Bg2 d5 3. Nf3 c6 4. O-O Bg4 5. d3 e6 6. Nbd2 Nbd7 7. e4 dxe4 8.
dxe4 Bc5 9. h3 Bh5 10. Qe1 Bxf3 11. Nxf3 e5 12. Nh4 O-O 13. Nf5 Qb6 14. Qd2 Kh8
15. c3 a5 16. b3 Rad8 17. Rb1 g6 18. Nh6 Ng8 19. Qe2 Kg7 20. Nxg8 Rxg8 21. a3
Qc7 22. b4 axb4 23. axb4 Bb6 24. Bg5 f6 25. Bc1 Rge8 26. h4 Nf8 27. h5 Ne6 28.
Bh3 Ng5 29. Bg4 Qd6 30. c4 Qd3 31. Qxd3 Rxd3 32. c5 Bc7 33. hxg6 hxg6 34. Bxg5
fxg5 35. b5 Kf6 36. Rfd1 Rxd1+ 37. Bxd1 Ra8 38. bxc6 bxc6 39. Rb7 Ra1 40. Rxc7
Rxd1+ 41. Kg2 g4 42. Rxc6+ Kf7 43. Rc8 Rc1 44. c6 Kf6 45. c7 Kg5 46. Kh2 Rc2
47. Kg1 Rc1+ 48. Kg2 Rc2 49. Kf1 Rc4 50. Ke2 Rxe4+ 51. Kd3 Rd4+ 52. Kc3 Rd1 53.
Kb2 Rd7 54. Kb3 Rf7 55. Kb4 Kf5 56. Kc5 Ke4 57. Kd6 Kf3 58. Ke6 Rxc7 59. Rxc7
Kxf2 60. Kxe5 Kxg3 61. Rc3+ Kh4 62. Kf4 g5+ 63. Ke4 g3 64. Kf3 Kh3 65. Rc4 1-0

[Event "1st  Behin Bazafarin Alborz Internationa"]
[Site "Tehran"]
[Date "2014.03.09"]
[Round "5.7"]
[White "Gadimbayli, Abdulla"]
[Black "Sharbaf, Mohsen"]
[Result "1-0"]
[WhiteElo "2094"]
[BlackElo "2434"]
[PlyCount "109"]
[EventDate "2014.03.06"]

1. e4 g6 2. d4 Bg7 3. Nc3 c6 4. Be3 d5 5. e5 h5 6. f4 Nh6 7. Nf3 Bg4 8. h3 Nf5
9. Bf2 Bxf3 10. Qxf3 h4 11. Bd3 e6 12. Ne2 Nd7 13. O-O b6 14. Kh1 Bf8 15. Ng1
Rb8 16. Qe2 c5 17. c4 dxc4 18. Bxf5 gxf5 19. dxc5 Bxc5 20. Qxc4 Bxf2 21. Rxf2
Nc5 22. Qb5+ Kf8 23. Rc2 a6 24. Qb4 Kg7 25. Nf3 Nd3 26. Qd2 Qd5 27. Qe3 Qe4 28.
Qxe4 fxe4 29. Ng5 Rbc8 30. Rxc8 Rxc8 31. Nxe4 Rc2 32. Nd6 Rxb2 33. f5 Nxe5 34.
fxe6 fxe6 35. Re1 Nf7 36. Rxe6 Nxd6 37. Rxd6 a5 38. a3 a4 39. Rd4 b5 40. Rxh4
Rb3 41. Rh5 Kf6 42. Kh2 Ke6 43. Rg5 Kd6 44. h4 Kc6 45. h5 Rd3 46. h6 Rd8 47. h7
Rh8 48. Rh5 b4 49. axb4 a3 50. g4 a2 51. Ra5 Rxh7+ 52. Kg3 Rg7 53. Rxa2 Kb5 54.
Rb2 Rg8 55. Rb1 1-0

[Event "1st  Behin Bazafarin Alborz Internationa"]
[Site "Tehran"]
[Date "2014.03.09"]
[Round "5.8"]
[White "Mahjoob, Morteza"]
[Black "Valizadeh, Ali"]
[Result "0-1"]
[WhiteElo "2413"]
[BlackElo "2198"]
[PlyCount "66"]
[EventDate "2014.03.06"]

1. d4 d5 2. c4 c6 3. Nf3 Nf6 4. e3 g6 5. Nc3 Bg7 6. h3 O-O 7. Be2 Nbd7 8. cxd5
cxd5 9. O-O Nb6 10. b3 Ne4 11. Bb2 f5 12. Ne5 Be6 13. f4 a6 14. Rc1 Rc8 15. a4
Rc7 16. a5 Nc8 17. Nxe4 Rxc1 18. Qxc1 fxe4 19. Qd2 Nd6 20. Ba3 Qe8 21. Rc1 g5
22. fxg5 Qb8 23. Bg4 Bxg4 24. hxg4 Qd8 25. g6 Bh6 26. Bxd6 Qxd6 27. gxh7+ Kxh7
28. Qe1 Bg5 29. Rc5 Qh6 30. Rc3 Kg7 31. Qg3 Qf6 32. Rc1 Bh4 33. g5 Qf2+ 0-1

[Event "1st  Behin Bazafarin Alborz Internationa"]
[Site "Tehran"]
[Date "2014.03.09"]
[Round "5.9"]
[White "Khaghani, Babak"]
[Black "Moghaddamian, Afshin"]
[Result "0-1"]
[WhiteElo "2344"]
[BlackElo "2179"]
[PlyCount "84"]
[EventDate "2014.03.06"]

1. d4 Nf6 2. c4 c5 3. d5 e5 4. Nc3 d6 5. e4 Nbd7 6. Nf3 Be7 7. Be2 h5 8. a3 Nf8
9. O-O h4 10. Ne1 Ng6 11. Nd3 O-O 12. h3 b6 13. b4 Nd7 14. Bh5 Nh8 15. Rb1 Ba6
16. bxc5 Nxc5 17. Nxc5 dxc5 18. Nb5 Bxb5 19. Rxb5 Bd6 20. a4 Qf6 21. Be3 Ng6
22. Qd2 Nf4 23. Bg4 g6 24. Rb3 Qg5 25. Qc2 f5 26. exf5 gxf5 27. Bxf4 exf4 28.
Bf3 Rae8 29. a5 bxa5 30. Ra1 Re7 31. Qd2 Rfe8 32. Qxa5 Be5 33. Re1 Bd4 34. Rxe7
Qxe7 35. Rb1 Bxf2+ 36. Kf1 Bg3 37. Qd2 Qd6 38. Qc3 Rb8 39. Qc2 Rxb1+ 40. Qxb1
Qe5 41. d6 Qe3 42. Bd5+ Kg7 0-1

[Event "1st  Behin Bazafarin Alborz Internationa"]
[Site "Tehran"]
[Date "2014.03.09"]
[Round "5.10"]
[White "Tabatabaei, M.Amin"]
[Black "Nasri, Amin"]
[Result "1-0"]
[WhiteElo "2203"]
[BlackElo "2340"]
[PlyCount "83"]
[EventDate "2014.03.06"]

1. e4 c5 2. Nf3 e6 3. d4 cxd4 4. Nxd4 a6 5. Nc3 Qc7 6. Bd3 Nf6 7. Qe2 d6 8. f4
Nbd7 9. g4 Nc5 10. g5 Nfd7 11. Bd2 g6 12. Rc1 Bg7 13. Be3 Qa5 14. f5 Be5 15.
fxe6 Nxe6 16. Nxe6 fxe6 17. O-O Qd8 18. a4 b6 19. Rf3 Rf8 20. Rcf1 Rxf3 21.
Qxf3 Qe7 22. Qh3 Nc5 23. a5 bxa5 24. Bxc5 dxc5 25. Qg4 Rb8 26. Bc4 Bd7 27. Nd1
a4 28. Bxa6 c4 29. Kh1 c3 30. bxc3 a3 31. Bc4 Rc8 32. Bb3 Rb8 33. Ne3 Bxc3 34.
Qg3 Rc8 35. Nc4 Bb4 36. Qe5 Kd8 37. Rd1 Ke8 38. Qh8+ Qf8 39. Qxf8+ Bxf8 40. Nb6
a2 41. Nxc8 Bxc8 42. Bxa2 1-0

[Event "1st  Behin Bazafarin Alborz Internationa"]
[Site "Tehran"]
[Date "2014.03.09"]
[Round "5.11"]
[White "Mousavi, Seyed Khalil"]
[Black "Changaei, Amin"]
[Result "1-0"]
[WhiteElo "2319"]
[BlackElo "2069"]
[PlyCount "85"]
[EventDate "2014.03.06"]

1. Nf3 Nf6 2. c4 g6 3. g3 Bg7 4. Bg2 O-O 5. O-O d5 6. cxd5 Nxd5 7. Nc3 Nb6 8.
d3 Nc6 9. Be3 Bf5 10. Qd2 Qd7 11. Rfc1 Rfd8 12. Rd1 Bh3 13. Bh1 Qf5 14. Qe1 Qh5
15. Ng5 Bg4 16. Bxc6 bxc6 17. f3 Bc8 18. g4 Qh6 19. Qf2 Bd4 20. Bxd4 Qxg5 21.
Ne4 Qd5 22. Be3 Qe5 23. b3 f5 24. gxf5 Bxf5 25. Rac1 a5 26. Rxc6 a4 27. bxa4
Rxa4 28. Bxb6 cxb6 29. Qxb6 Rb8 30. Qc7 Qd4+ 31. Kh1 Rc8 32. Qxe7 Rxc6 33. Qe8+
Kg7 34. Qxc6 Rxa2 35. Qc7+ Kh6 36. Qf4+ Kg7 37. Re1 Bh3 38. Qc7+ Kh6 39. Qe7
Ra1 40. Qg5+ Kg7 41. Rxa1 Qxa1+ 42. Qg1 Qb2 43. Qe1 1-0

[Event "1st  Behin Bazafarin Alborz Internationa"]
[Site "Tehran"]
[Date "2014.03.09"]
[Round "5.12"]
[White "Dadmand, Mansour"]
[Black "Benidze, Davit"]
[Result "0-1"]
[WhiteElo "2090"]
[BlackElo "2479"]
[PlyCount "54"]
[EventDate "2014.03.06"]

1. e4 c5 2. Nf3 a6 3. d4 cxd4 4. Nxd4 e5 5. Nf3 Nf6 6. Nbd2 Nc6 7. Bc4 Be7 8.
Nf1 Nxe4 9. Bxf7+ Kxf7 10. Qd5+ Kf8 11. Qxe4 d5 12. Qe3 Bf6 13. b3 e4 14. Ba3+
Kf7 15. O-O-O exf3 16. Qxf3 d4 17. Ng3 Qa5 18. b4 Qg5+ 19. Kb1 Bg4 20. Qd3 Qb5
21. Qb3+ Be6 22. Qb2 d3 23. c3 Qc4 24. Rhe1 Bxc3 25. Ne4 Bxb2 26. Nd6+ Kg6 27.
Nxc4 Bxc4 0-1

[Event "1st  Behin Bazafarin Alborz Internationa"]
[Site "Tehran"]
[Date "2014.03.09"]
[Round "5.13"]
[White "Khorshidi, Mohammadreza"]
[Black "Toufighi, Homayoon"]
[Result "0-1"]
[WhiteElo "2090"]
[BlackElo "2456"]
[PlyCount "96"]
[EventDate "2014.03.06"]

1. e4 e6 2. d4 d5 3. Nc3 Bb4 4. e5 Ne7 5. Bd3 c5 6. dxc5 Nd7 7. Nf3 Nc6 8. Qe2
d4 9. a3 Qa5 10. O-O dxc3 11. axb4 Qxa1 12. bxc3 Qxc3 13. Bd2 Qb2 14. c3 Ndxe5
15. Nxe5 Nxe5 16. Qxe5 Qxd2 17. Qxg7 Rf8 18. Be4 Qd7 19. Bxh7 Qe7 20. Qg3 Bd7
21. Ra1 Bc6 22. c4 Qf6 23. Re1 a6 24. h3 Rh8 25. Rd1 Kf8 26. Qd6+ Qe7 27. Qd3
Qg5 28. Be4 Kg7 29. Qc3+ e5 30. Bxc6 bxc6 31. Rd3 Kf8 32. b5 Rg8 33. g4 axb5
34. cxb5 cxb5 35. c6 Kg7 36. Rf3 Qe7 37. Rf5 f6 38. g5 Qa3 39. Qc2 Qa2 40. Qe4
Ra4 41. Qd3 Rd4 42. Qxb5 Qd5 43. Qxd5 Rxd5 44. Rxf6 Rh8 45. c7 Rc5 46. Re6 Rxc7
47. Rxe5 Rxh3 48. Kg2 Rhc3 0-1

[Event "1st  Behin Bazafarin Alborz Internationa"]
[Site "Tehran"]
[Date "2014.03.09"]
[Round "5.14"]
[White "Darban, Morteza"]
[Black "Sheikhi Narani, Saeid"]
[Result "1-0"]
[WhiteElo "2365"]
[BlackElo "2086"]
[PlyCount "85"]
[EventDate "2014.03.06"]

1. e4 c5 2. Nf3 Nc6 3. d4 cxd4 4. Nxd4 Nf6 5. Nc3 e5 6. Ndb5 d6 7. Nd5 Nxd5 8.
exd5 Ne7 9. c3 Nf5 10. a4 Be7 11. Bd3 O-O 12. O-O a6 13. Na3 Bg5 14. Nc4 Bxc1
15. Rxc1 Nh4 16. Qh5 g6 17. Qh6 Nf5 18. Qd2 Ne7 19. Be2 f5 20. f4 e4 21. a5 Qc7
22. b4 Bd7 23. Nb6 Rad8 24. c4 h6 25. Rfd1 Nc8 26. Qe3 Be8 27. c5 Nxb6 28. axb6
Qc8 29. c6 Bf7 30. Qd4 Kh7 31. Rc3 Rde8 32. Rdc1 h5 33. cxb7 Qxb7 34. Rc7 Qb8
35. R1c6 Rc8 36. Bxa6 Rce8 37. b7 e3 38. Qb6 Qd8 39. Rxf7+ Rxf7 40. Qxd8 Rxd8
41. Rc8 Rxb7 42. Bxb7 Rd7 43. Bc6 1-0

[Event "1st  Behin Bazafarin Alborz Internationa"]
[Site "Tehran"]
[Date "2014.03.09"]
[Round "5.15"]
[White "Bagheri, Maziar"]
[Black "Ardeshi, Mehrdad"]
[Result "0-1"]
[WhiteElo "2088"]
[BlackElo "2344"]
[PlyCount "96"]
[EventDate "2014.03.06"]

1. Nf3 Nf6 2. c4 e6 3. Nc3 c5 4. g3 b6 5. Bg2 Bb7 6. O-O Be7 7. Re1 a6 8. e4 d6
9. d4 cxd4 10. Nxd4 Qc7 11. b3 Nbd7 12. a4 O-O 13. Ba3 Rfe8 14. Rc1 Rad8 15. h3
Qb8 16. Qc2 Rc8 17. Rcd1 Bf8 18. Nde2 Nc5 19. Nf4 Qa8 20. Re3 Red8 21. Bb2 Re8
22. g4 h6 23. Rde1 Qb8 24. Nce2 e5 25. Nd5 Bxd5 26. exd5 b5 27. axb5 axb5 28.
f4 bxc4 29. bxc4 Qb6 30. Kh2 Na4 31. Bc1 Qb4 32. Rf1 Rxc4 33. Qf5 g6 34. Qd3
Nc5 35. Qa3 Qxa3 36. Bxa3 e4 37. Bxc5 dxc5 38. Nc3 Bd6 39. Kh1 Rd4 40. Kg1 Nxd5
41. Rxe4 Rexe4 42. Nxe4 Nxf4 43. Nxd6 Nxg2 44. Nxf7 Nf4 45. Ne5 Nxh3+ 46. Kh2
Nf4 47. Kg3 g5 48. Ra1 Rd5 0-1

[Event "1st Behin Bazafarin Alborz Internationa"]
[Site "?"]
[Date "2014.03.10"]
[Round "7.8"]
[White "Faryad, H.A."]
[Black "Tabatabaei, Mohammadamin"]
[Result "0-1"]
[WhiteElo "2094"]
[BlackElo "2203"]
[PlyCount "208"]
[EventDate "2014.??.??"]
[SourceDate "2014.03.10"]

1. e4 e5 2. Nf3 Nc6 3. Bc4 Bc5 4. c3 Nf6 5. d3 a6 6. Nbd2 d6 7. Bb3 Ba7 8. Nf1
h6 9. Ng3 Be6 10. O-O Qd7 11. Be3 O-O 12. h3 d5 13. Bxa7 Rxa7 14. Qe2 Re8 15.
Nh4 dxe4 16. dxe4 Bxb3 17. axb3 Raa8 18. Rad1 Qe6 19. b4 Qb3 20. Nhf5 Rad8 21.
Rd2 Kh7 22. Rfd1 g6 23. Rxd8 Nxd8 24. Ne3 Ne6 25. Rd2 Nf4 26. Qd1 Qxd1+ 27.
Rxd1 Re7 28. Ng4 Ng8 29. f3 h5 30. Ne3 Nf6 31. h4 b5 32. Kf1 Rd7 33. Rxd7 Nxd7
34. Ne2 Nd3 35. Nd1 Kg7 36. Ng3 Nb6 37. Nh1 Nc4 38. b3 Nb6 39. Ke2 Nf4+ 40. Kf1
Nd3 41. Ke2 Nf4+ 42. Kf1 Ne6 43. Nhf2 c5 44. bxc5 Nxc5 45. b4 Nca4 46. Ke2 Nc4
47. Nd3 f5 48. Nc1 Kf6 49. Nb3 f4 50. Nd2 Nxd2 51. Kxd2 g5 52. hxg5+ Kxg5 53.
Ke2 Kf6 54. Kd3 Ke6 55. c4 bxc4+ 56. Kxc4 Kd6 57. Nf2 Nb6+ 58. Kc3 Nd7 59. Nd3
Nf8 60. Nc5 Ng6 61. Nd3 Nh4 62. Ne1 Kc7 63. Kc4 Kc6 64. Kc3 Ng6 65. Kc4 Kd6 66.
b5 axb5+ 67. Kxb5 Nf8 68. Kb6 Ne6 69. Kb5 Nd4+ 70. Kc4 Ke6 71. Nd3 Nc2 72. Kc3
Ne3 73. Kd2 Nxg2 74. Ke2 Nh4 75. Nf2 Kd6 76. Nd3 Ng6 77. Kd2 Kc6 78. Kc3 Kb5
79. Kb3 Kc6 80. Kc4 Kd6 81. Kc3 Nh4 82. Ne1 Ng6 83. Nd3 Nh8 84. Kd2 Nf7 85. Ke2
Kc6 86. Nb4+ Kc5 87. Nd5 Ng5 88. Kf2 h4 89. Ne7 h3 90. Nd5 h2 91. Kg2 Nxf3 92.
Nf6 Kd4 93. Kh1 Nd2 94. Kxh2 Nxe4 95. Ng4 Ng5 96. Kg2 e4 97. Kf1 e3 98. Ke1 f3
99. Kf1 Ne4 100. Nh2 Ng3+ 101. Kg1 f2+ 102. Kg2 f1=Q+ 103. Nxf1 Nxf1 104. Kxf1
Kd3 0-1

[Event "1st Behin Bazafarin Alborz Internationa"]
[Site "?"]
[Date "2014.03.11"]
[Round "7.1"]
[White "Noroozi, Omid"]
[Black "Ahmadinia, Ebrahim"]
[Result "1-0"]
[WhiteElo "2382"]
[BlackElo "2373"]
[PlyCount "85"]
[EventDate "2014.??.??"]

1. c4 g6 2. d4 Bg7 3. Nc3 d6 4. e4 Nf6 5. Be2 O-O 6. Bg5 Na6 7. Qd2 e5 8. d5
Qe8 9. f3 Nh5 10. Bd1 f5 11. Bc2 Bd7 12. Nge2 f4 13. Bh4 Bf6 14. Bf2 Qe7 15. a3
Bh4 16. g3 fxg3 17. hxg3 Bg5 18. Be3 Bxe3 19. Qxe3 c5 20. O-O-O b5 21. Nxb5
Bxb5 22. cxb5 Nc7 23. a4 Rab8 24. f4 a6 25. f5 axb5 26. g4 Nf4 27. Nxf4 exf4
28. Qh3 gxf5 29. e5 Rf7 30. Bxf5 bxa4 31. exd6 Qf6 32. Qc3 Nb5 33. Qxf6 Rxf6
34. d7 Nd4 35. Rde1 Nxf5 36. gxf5 Rd8 37. Re7 Rf7 38. Rxh7 Rxh7 39. Re8+ Kf7
40. Rxd8 Ke7 41. Ra8 Rh1+ 42. Kd2 Kxd7 43. f6 1-0

[Event "1st Behin Bazafarin Alborz Internationa"]
[Site "?"]
[Date "2014.03.11"]
[Round "7.4"]
[White "Ettehadi, H."]
[Black "Benidze, Davit"]
[Result "0-1"]
[WhiteElo "2191"]
[BlackElo "2479"]
[PlyCount "93"]

1. e4 c5 2. Nf3 Nc6 3. d4 cxd4 4. Nxd4 Nf6 5. Nc3 d6 6. Bc4 e6 7. O-O a6 8. a4
Qc7 9. Nf3 Be7 10. Qe2 O-O 11. Rd1 b6 12. Bf4 Ne5 13. Nxe5 dxe5 14. Bg5 Bb7 15.
Rd2 Rfc8 16. Bb3 h6 17. Bh4 Bc6 18. Bxf6 Bxf6 19. Rad1 Bg5 20. Rd3 b5 21. axb5
axb5 22. Qg4 b4 23. Na2 Qb7 24. h4 Bf6 25. Re1 Ba4 26. Nc1 Bxb3 27. cxb3 Rc2
28. Ne2 Qe7 29. Red1 Bxh4 30. g3 Bf6 31. R3d2 Rac8 32. Kg2 Bg5 33. f4 Bf6 34.
Kh3 Rxd2 35. Rxd2 Rd8 36. Rc2 Rd3 37. Ng1 exf4 38. Qxf4 Bg5 39. Qf1 Rxb3 40. e5
Qd7 41. Ne2 Re3 42. Rc5 Be7 43. Ra5 Qd3 44. Ra8+ Bf8 45. Ra7 Qg6 46. Kg2 Qe4+
47. Kh3 0-1

[Event "1st Behin Bazafarin Albord Internationa"]
[Site "?"]
[Date "2014.03.11"]
[Round "7.5"]
[White "Darban, Morteza"]
[Black "Moradi, Amirmasoud"]
[Result "1-0"]
[WhiteElo "2365"]
[BlackElo "2129"]
[PlyCount "91"]
[EventDate "2014.??.??"]

1. c4 e5 2. g3 f5 3. d4 exd4 4. Qxd4 Nc6 5. Qd1 Nf6 6. Bg2 Bb4+ 7. Bd2 Bxd2+ 8.
Nxd2 O-O 9. Nh3 d6 10. Nf4 Ne5 11. Qc2 c6 12. e3 Qe7 13. O-O g5 14. Ne2 Be6 15.
Nd4 Nfd7 16. f4 Ng4 17. Rae1 Rae8 18. N2f3 gxf4 19. exf4 Qf6 20. Nxe6 Rxe6 21.
Rxe6 Qxe6 22. Re1 Qg6 23. Nh4 Re8 24. Rxe8+ Qxe8 25. Nxf5 Ndf6 26. h3 Qe1+ 27.
Bf1 Ne3 28. Nxe3 Qxe3+ 29. Qf2 Qc1 30. Qd4 Kf7 31. b3 Qe1 32. Qf2 Qc3 33. Bg2
a5 34. Kh2 Qb4 35. g4 d5 36. g5 Ne4 37. Bxe4 dxe4 38. Qe3 Qa3 39. Qd2 e3 40.
Qd7+ Kf8 41. Qc8+ Ke7 42. Qxb7+ Ke6 43. Qxc6+ Kf5 44. Kg3 Qc1 45. Qd5+ Kg6 46.
Qg8+ 1-0

[Event "1st Behin Bazafarin Alborz Internationa"]
[Site "?"]
[Date "2014.03.11"]
[Round "7.6"]
[White "Tavakolian, M."]
[Black "Asgari, Morteza"]
[Result "0-1"]
[WhiteElo "2101"]
[BlackElo "2279"]
[PlyCount "43"]

1. c4 Nf6 2. Nc3 g6 3. e4 d6 4. d4 Bg7 5. f3 O-O 6. Be3 Nc6 7. Qd2 a6 8. O-O-O
Bd7 9. g4 e5 10. Nge2 b5 11. d5 Na5 12. Ng3 c5 13. dxc6 Nxc6 14. Qxd6 Nd4 15.
Bxd4 exd4 16. Qxd4 b4 17. e5 bxc3 18. exf6 Bxf6 19. Qxd7 Qb6 20. b3 Rad8 21. c5
Qxc5 22. Ne4 0-1